| 000 | 00498nam a22001811a 4500 | ||
|---|---|---|---|
| 001 | 11613 | ||
| 003 | OSt | ||
| 005 | 20260204212249.0 | ||
| 008 | 130123s2011||||dr ||||||b||||||||||spa|| | ||
| 050 | _aRD 346.043 I8m | ||
| 110 | _aInterhipoteca | ||
| 245 | _aManual inmobiliario dominicana / Interhipoteca | ||
| 264 | _aSanto Domingo: Centenario | ||
| 300 | _a290 p | ||
| 500 | _aIncluye bibliografía bibliografía | ||
| 650 | _aDerecho Inmobiliario - República DominicanaÌ | ||
| 942 |
_2ddc _cBK |
||
| 999 |
_c11613 _d11613 |
||